|
|
|
|
| LEADER |
00000nam a22000007a 4500 |
| 003 |
cru INIE |
| 005 |
20150728135220.0 |
| 008 |
150728b2005 pr ||||| |||| 00| | spa d |
| 020 |
|
|
|a 193224364-x
|
| 090 |
|
|
|a 06.01.01
|b 1020
|
| 100 |
1 |
|
|9 564
|a Solís Jordán, José
|
| 245 |
1 |
0 |
|a Hacia la investigación crítica en la educación: Insurgencias cualitativas /
|c José Solís Jordán
|
| 260 |
|
|
|a Puerto Rico :
|b Publicaciones Puertorriqueñas,
|c 2005
|
| 300 |
|
|
|a 273 páginas
|
| 650 |
1 |
4 |
|9 326
|a INVESTIGACIÓN EDUCATIVA
|
| 650 |
1 |
4 |
|9 317
|a INVESTIGACIÓN CUALITATIVA
|
| 650 |
1 |
4 |
|9 286
|a ETNOGRAFÍA
|
| 650 |
1 |
4 |
|9 81
|a ENTREVISTAS
|
| 650 |
1 |
4 |
|9 266
|a GLOBALIZACIÓN
|
| 650 |
1 |
4 |
|9 285
|a METODOLOGÍA
|
| 942 |
|
|
|i 001709
|h 06.01.01 1020
|2 z
|c 01
|
| 999 |
|
|
|c 2740
|d 2740
|